Widok standardowy
Widok MARC
Pozycja Topical Term
Liczba rekordów, w których użyto hasła: 2
001 - Numer kontrolny
- control field: 39269
003 - Identyfikator numeru kontrolnego
- control field: NUKAT
005 - Data i czas ostatniej modyfikacji
- control field: 20260330224638.0
008 - Dane kontrolne kodowane (40 znaków)
- fixed length control field: 050120n||azznnbabn |a ana |
010 ## - Numer kontrolny Biblioteki Kongresu
- numer kontrolny LC: p 2004311467
035 ## - Numer systemowy
- numer systemowy: a10118470
035 ## - Numer systemowy
- numer systemowy: (PL)a0000001011847
040 ## - Instytucja sporządzająca rekord
- inst. przygot. dane do rek. khw: WA N
- język haseł przedmiotowych/tezaurus: DBN
- inst. wprow. rek. khw: WA N
045 0# - Okres czasu dla hasła
- okr. czasu od 9999 pne do n.e.: d1921
072 ## - Kod kategorii przedmiotu
- kod kategorii przedmiotu: 13
150 ## - Hasło - nazwa pospolita
- nazwa posp. lub nazwa geogr. na pocz.: Plebiscyt na Górnym Śląsku (1921)
510 2# - Trop zob. też - nazwa ciała zbiorowego
- nazwa ciała zbior. lub geogr. na pocz.: Międzysojusznicza Komisja Rządząca i Plebiscytowa na Górnym Śląsku
510 2# - Trop zob. też - nazwa ciała zbiorowego
- nazwa ciała zbior. lub geogr. na pocz.: Górnośląska Partia Ludowa
550 ## - Trop zob. też - nazwa pospolita
- podpole kontrolne: g
- nazwa posp. lub nazwa geogr. na pocz.: Plebiscyt
550 ## - Trop zob. też - nazwa pospolita
- nazwa posp. lub nazwa geogr. na pocz.: III powstanie śląskie (1921)
551 ## - Trop zob. też - nazwa geograficzna
- nazwa geograficzna: Górny Śląsk
682 ## - Informacja o usuniętym haśle
- tekst wyjaśniający: zmienione z:
- zastąpione hasło: Plebiscyt 1921 r. na Górnym Śląsku